[Event "ICS rated blitz match"]
[Site "204.178.125.65"]
[Date "1999.08.11"]
[Round "?"]
[White "Odegaard"]
[Black "Hossa"]
[Result "1/2-1/2"]
[WhiteElo "2045"]
[BlackElo "2485"]
[Annotator "Fritz 5.32 (19s)"]
[PlyCount "124"]
[EventDate "1999.??.??"]

1. d4 1... d5 {Opening = D24 - 4.Nc3} 2. c4 dxc4 3. Nf3 Nf6 4. Nc3 a6 5. e4 b5
6. e5 Nd5 7. a4 7... b4 $15 (7... e6 8. axb5 Bb4 (8... Nb6 9. Be2 Be7 10. O-O
Bb7 11. bxa6 Rxa6 12. Rxa6 Nxa6 13. Na4 Qd5 14. Ne1 Qc6 15. Nxb6 cxb6 16. Bf3
Qd7 17. b3 cxb3 18. Qxb3 Bxf3 19. Nxf3 Nb4 20. Ba3 Nd5 21. Bxe7 Qxe7 22. Qa4+
Qd7 23. Qa8+ Qd8 24. Qc6+ Qd7 25. Qa8+ {
- Van Wely,L-Miles,A/30th Capablanca Memorial Tournament, Ma 1995 (25)}) 9. Qc2
Nb6 10. Qe4 Qd5 11. Qg4 axb5 12. Rxa8 Qxa8 13. Be2 O-O 14. O-O Kh8 15. Ng5 h6
16. Qh5 Kg8 17. Nge4 Bxc3 18. Nf6+ gxf6 19. Bf3 Qa4 20. Be4 Bb7 21. exf6 {
1-0 Khenkin,I-Gurevich,G/Israeli National Championships, Ramat-G 1994 (21)}) (
7... Nb4 8. Be2 Bf5 9. O-O Nc2 10. Ra2 Nb4 11. Ra1 Nc2 12. Ra2 12... Nb4 {
- Ehlvest,J-Sadler,M/FIDE WCh KO, Groningen NED (2.4) 1997 (12)}) (7... Bb7 8.
e6 (8. axb5 Nxc3 9. bxc3 axb5 10. Rxa8 Bxa8 11. e6 f6 12. Be2 g6 13. O-O Bg7
14. Bf4 Bd5 15. Qa1 O-O 16. Qa7 c6 17. Ra1 Bxe6 18. Qb7 Qc8 19. Qxe7 Re8 20.
Qb4 Nd7 21. Nd2 Nb6 22. Qa3 22... Bd5 {
Van Parreren,H-Thorsteinsson,E/op, Reykjavik ICE (6) 1996/0-1 (35)}) 8... fxe6
9. Ne5 Nxc3 10. bxc3 g6 11. axb5 axb5 12. Rxa8 Bxa8 13. Bxc4 bxc4 14. Qa4+ Bc6
15. Nxc6 Qd7 16. Qa8 Qxc6 17. Qxb8+ Kf7 18. O-O Bg7 19. Qb4 Qd5 20. Bf4 Rc8 21.
Be3 e5 22. Rc1 {Florean,A-Fedorchuk,S/Calicut IND 1998/0-1 (40)}) (7... c6 8.
Be2 $17) 8. Ne4 c3 9. Qb3 $15 (9. bxc3 $5 {ist vielleicht staerker} 9... Bf5
10. Ng3 Nxc3 11. Qb3 $11) 9... Bf5 10. Ng3 Bg4 11. bxc3 Bxf3 12. gxf3 Nc6 ({
Jedoch nicht} 12... bxc3 13. Qb7 Nb6 14. a5 $16) 13. Bc4 $17 (13. e6 fxe6 14.
Qc4 Qd7 15. cxb4 15... Ndxb4 $17) 13... e6 14. Bxd5 exd5 15. Be3 Na5 16. Qb2
Nc4 17. Qc2 17... c5 $15 (17... Rb8 18. cxb4 Bxb4+ 19. Ke2 $15) 18. cxb4 $17 (
18. dxc5 Nxe3 (18... Nxe5 $143 19. Qe2 $14) 19. fxe3 19... Bxc5 $15) 18... cxd4
19. Bxd4 {Der Laeufer kann schlecht vertrieben werden.} 19... Bxb4+ 20. Kf1 Rc8
21. Qd3 Qg5 22. Kg2 $15 (22. Nf5 g6 23. Ne3 23... O-O $11 (23... Nxe5 24. Qxa6
O-O 25. Qb5 $14)) 22... Nxe5 $14 (22... O-O $5 $15 {
ist die kritische Fortsetzung}) 23. Bxe5 $15 (23. Qe2 $5 {steht zur Diskussion}
23... f6 24. Qxa6 $14) 23... Qxe5 24. Qxa6 O-O 25. Qb5 {Weiss bereitet a5 vor}
25... Bc3 26. Rab1 Rfe8 27. a5 Rb8 28. Qa4 28... Ra8 {Greift den Isolani a5 an}
29. a6 {Weiss spielt seinen Trumpf aus} 29... Re6 $11 (29... Qd6 $5 $15) 30. a7
30... f6 $2 $16 (30... Ree8 $11 $142 {ist noch spielbar}) 31. Rb7 f5 32. Rhb1
Ree8 33. Qd7 (33. f4 $5 33... Qd4 34. Qa3 34... Be1 $18) 33... f4 34. Nf5 h6 (
34... Rf8 35. Nh6+ $3 {eine logische Fortsetzung} 35... Kh8 36. Nf7+ Rxf7 37.
Qxf7 Qg5+ 38. Kh1 Rd8 39. Rb8 h6 40. Rxd8+ Qxd8 41. Rb8 Kh7 42. Rxd8 Bf6 43.
a8=R Bxd8 44. Qf5+ g6 45. Qf7+ Kh8 46. Rxd8#) 35. Nxh6+ (35. Qf7+ $142 {
machte sofort alles klar} 35... Kh8 36. R1b6 36... Rg8 $18) 35... Kh7 (35...
gxh6 $4 {der Springer ist tabu} 36. Qf7+ Kh8 37. Qh7#) 36. Ng4 (36. Qh3 $5 {
damit wuerde Weiss es sich noch erleichtern} 36... Qg5+ 37. Ng4+ 37... Kg8 $18)
36... Qe6 37. Qxe6 $4 $14 {danach kann Weiss alle Traeume begraben} (37. Qb5
Rec8 38. Qd3+ Kh8 39. Rb8 Rxa7 40. Qxc3 $18) 37... Rxe6 38. Rd7 $14 (38. R1b3
$5 38... Bd4 39. Ra3 $16) 38... Ra6 39. Rbb7 Ra5 40. h4 40... Kg6 $2 $18 (40...
Bd4 $16 $142) 41. Kh3 $16 (41. Rd6+ $142 {mit klarem Vorteil fuer Weiss} 41...
Bf6 42. Ne5+ Kf5 43. Nc6 $18) 41... Kh5 $4 $18 {
verschlechtert die Stellung weiter} (41... Kh7 $16 $142) 42. Rd6 {Droht Rbb6}
42... R8xa7 (42... Bd4 {waere gleichermassen fruchtlos} 43. Rb8 R5xa7 44. Rxd5+
Kg6 45. Rxa8 Rxa8 46. h5+ Kh7 47. Rxd4 $18) 43. Rxa7 $16 (43. Rbb6 $142 {
und Schwarz kann direkt aufgeben} 43... Bf6 44. Nxf6+ Kg6 45. Nxd5+ Kf7 46.
Nxf4 $18) 43... Rxa7 44. Rxd5+ Kg6 45. Rg5+ Kh7 46. h5 Ra4 47. Rf5 Ra5 48. Rxa5
Bxa5 49. Ne5 Bc7 50. Nd3 Kh6 51. Kg4 Bd6 52. Nxf4 Bxf4 53. Kxf4 Kxh5 54. Ke4
Kh4 55. f4 Kh3 56. f3 Kg2 57. f5 Kg3 58. f4 Kg4 59. Ke5 Kf3 60. f6 {
Mit der Mattdrohung fxg7} 60... gxf6+ 61. Kf5 Ke3 62. Kxf6 Kxf4 1/2-1/2

[Event "ICS rated blitz match"]
[Site "204.178.125.65"]
[Date "1999.08.11"]
[Round "?"]
[White "Hossa"]
[Black "libertad"]
[Result "1-0"]
[WhiteElo "2471"]
[BlackElo "2108"]
[Annotator "Fritz 5.32 (19s)"]
[PlyCount "53"]
[EventDate "1999.??.??"]

1. d4 1... d5 {Opening = D06 - 2.c4 ---} 2. c4 Nf6 3. cxd5 Nxd5 4. e4 Nb6 (4...
Nf6 5. e5 Nd5 6. Bc4 e6 7. Nf3 Be7 8. O-O O-O 9. Qe2 b6 10. Nbd2 Bb7 11. Ne4
Nd7 12. Rd1 Re8 13. a3 Rc8 14. Bb5 Rf8 15. Bd3 c5 16. dxc5 Nxc5 17. Nxc5 Rxc5
18. Qe4 g6 19. Bh6 {
Sherbakov,R-Skatchkov,P/Russian Cup 9th Leg, Novgorod RUS 1997/1-0 (39)}) 5.
Nc3 (5. Nf3 e6 6. g3 c5 7. Be3 cxd4 8. Qxd4 Qxd4 9. Bxd4 N8d7 10. Nc3 a6 11. a3
f6 12. Be2 e5 13. Be3 Bc5 14. Bxc5 Nxc5 15. Rd1 Bd7 16. b4 Nca4 17. Nxa4 Nxa4
18. Rc1 Bc6 19. Nd2 O-O 20. f3 Rfd8 21. Nc4 Bb5 22. Bd1 Rac8 23. Bb3 Kf8 24.
Kf2 Bxc4 25. Bxc4 Nb6 26. Be2 Rd2 27. Rxc8+ Nxc8 28. Rd1 Rxd1 29. Bxd1 Ke7 30.
Bb3 b6 31. Ke3 Kd6 32. Kd3 Ne7 33. f4 Nc6 34. Bg8 h6 35. Bb3 a5 36. Kc4 g5 37.
fxg5 fxg5 38. Ba4 Nd4 39. Bd1 39... b5+ {
Schmehl,T-Lieder,G/Bad Zwesten GER 1999/ - (54)}) 5... c6 $146 {
Verwehrt dem Gegner b5} (5... c5 6. Bb5+ Nc6 7. dxc5 Qxd1+ 8. Kxd1 Nd7 9. Be3
e6 10. Na4 a6 11. Be2 Be7 12. f4 O-O 13. Bf3 e5 14. f5 Nd4 15. Rc1 Rd8 16. Ke1
Nf6 17. Nb6 Rb8 18. Ne2 Nxf3+ 19. gxf3 Bd7 20. Kf2 Bc6 21. Rhd1 Nd7 22. Nd5 Bf8
23. b4 f6 24. Nec3 g6 25. fxg6 hxg6 26. a4 Rbc8 27. b5 axb5 28. axb5 Bxd5 29.
Nxd5 Bxc5 30. Bxc5 Nxc5 31. Ne7+ Kf7 32. Nxc8 {
1-0 Trikaliotis,G-Geroukalis,A/8th Open, Ano Liosia GRE 1997 (32)}) (5... e6 6.
Nf3 c6 7. Bd3 Bb4 8. O-O N8d7 9. e5 h6 10. Qe2 Bxc3 11. bxc3 Nd5 12. c4 Ne7 13.
Ba3 O-O 14. Rad1 Re8 15. Rfe1 Nf8 16. Bb1 b6 17. Qe4 Bb7 18. Qg4 Neg6 19. h4 f5
20. exf6 Qxf6 21. h5 Ne7 22. Be4 Nf5 23. Ne5 Rac8 24. Bb2 Nh7 25. d5 cxd5 26.
cxd5 Bxd5 27. Rxd5 exd5 28. Bxf5 Rc7 29. f4 Nf8 30. Rd1 Rd8 31. Bd4 Qd6 32. Ng6
Nxg6 33. Be6+ Kh8 34. Qxg6 Qxf4 35. Bf5 Kg8 36. Qh7+ Kf8 37. Qh8+ Ke7 38. Qxg7+
{1-0 Gonzalez,J-Manzur,C/Carlos Torre mem, Merida MEX 1997 (38)}) 6. Bg5 $11 (
6. Bf4 6... N8d7 $14) 6... f6 7. Bf4 N8d7 8. Nf3 8... e5 $16 (8... e6 9. Qc2
$14) 9. dxe5 Bc5 10. e6 Nb8 (10... Nf8 11. Qxd8+ Kxd8 12. Rd1+ Ke8 13. e7 Bxe7
14. Be2 $14) 11. Qxd8+ Kxd8 12. Rd1+ Ke8 13. Bc7 13... Be7 $18 (13... Ke7 $5
$16) 14. Bxb6 $16 (14. Nd4 $5 $18 $142) 14... axb6 15. Bc4 Na6 16. O-O $14 (16.
Bxa6 Rxa6 17. Nd4 17... g6 $14) 16... Nc7 $16 (16... b5 $5 {
muss beachtet werden} 17. Bb3 17... Nc5 $14) 17. Nd4 b5 18. Bb3 18... c5 $2 $18
(18... Na6 $16 $142) 19. Ncxb5 Nxb5 20. Nxb5 Kf8 21. f4 Rb8 (21... Ra5 22. Nd6
Bxd6 23. Rxd6 $18) 22. Nd6 (22. Rf2 {und Weiss haette es noch leichter} 22...
b6 $18) 22... Bxd6 23. Rxd6 Ke7 24. Rfd1 b6 25. Rc6 Rb7 26. Bd5 Rd8 (26... Ra7
$18) 27. Rxc8 (27. Rxc8 Rxc8 28. Bxb7 $18) 1-0

[Event "ICS rated blitz match"]
[Site "204.178.125.65"]
[Date "1999.08.11"]
[Round "?"]
[White "libertad"]
[Black "Hossa"]
[Result "0-1"]
[WhiteElo "2104"]
[BlackElo "2475"]
[Annotator "Fritz 5.32 (19s)"]
[PlyCount "59"]
[EventDate "1999.??.??"]

1. d4 1... d5 {Opening = E51 - 5.Nf3 d5 (6.Bd3 ---)} 2. Nf3 Nf6 3. c4 e6 4. Nc3
(4. a3 Be7 5. Nc3 O-O 6. e3 c5 7. dxc5 Bxc5 8. b4 Be7 9. Bb2 b6 10. cxd5 exd5
11. Nd4 Bb7 12. Be2 Re8 13. O-O Nc6 14. Nxc6 Bxc6 15. Qd4 Bf8 16. Rfd1 Qd7 17.
Bf3 Rad8 18. a4 18... Bd6 {Usachyi,M-Brueckmann,G/Bad Zwesten GER 1999/ - (33)}
) 4... Bb4 5. e3 O-O 6. Qc2 (6. Be2 b6 7. O-O Bb7 8. a3 Bd6 9. b4 dxc4 10. Bxc4
a5 11. Rb1 axb4 12. axb4 Nbd7 13. Be2 Qe7 14. Nb5 Be4 15. Bd3 c6 16. Nxd6 Qxd6
17. Bxe4 Nxe4 18. Qc2 Qd5 19. Nd2 Nxd2 20. Bxd2 20... Ra2 {
Aleksandrov,A-Hjartarson,J/FIDE WCh KO, Groningen NED (2.4) 1997/1-0 (88)})
6... c5 $146 (6... Re8 7. cxd5 exd5 8. Bd3 Nc6 9. h3 Ne4 10. O-O Bxc3 11. bxc3
Qf6 12. Nd2 Bf5 13. Bxe4 dxe4 14. Ba3 Qg6 15. Kh2 Rad8 16. Qb2 Bc8 17. c4 a6
18. Rad1 Ne7 19. Bxe7 Rxe7 20. Nb3 Rd6 21. Qe2 Qg5 22. f4 exf3 23. Rxf3 Rg6 24.
Qf2 Qh5 25. Rf1 f5 26. Rf4 Rf6 27. d5 g5 28. Rf3 g4 29. Rf4 Rg7 30. g3 Qxh3+
31. Kg1 Rh6 32. Qg2 Re7 33. Re1 Qh5 34. Nd4 Re5 35. Kf2 Qe8 36. Re2 Rb6 37. Qh2
h5 38. Qg1 Rb4 39. Qc1 Qa4 40. Rc2 Qe8 41. Re2 {
Schmid,S-Stevanec,L/XIII WGirls, Medellin COL 1996/ - (82)}) 7. a3 cxd4 8. exd4
Bxc3+ 9. bxc3 Qc7 10. c5 $15 {Weiss erobert Raum} (10. Bg5 10... Nbd7 $11)
10... b6 11. cxb6 axb6 12. Bg5 12... Ne4 {
Richtet die Aufmerksamkeit auf den rueckstaendigen Bauern} 13. Bd2 Ba6 14. Bd3
$17 (14. Bxa6 Rxa6 15. O-O 15... Rc8 $15) 14... Bxd3 15. Qxd3 15... Rc8 {
Der rueckstaendige Bauer c3 wird weiter ins Visier genommen} 16. O-O Nd7 (16...
Nxc3 $2 {scheitert an} 17. Rfc1 $18) 17. Rfc1 Ndf6 18. Ne5 18... Nxd2 {
Schwarz geht zum Angriff ueber} 19. Qxd2 Ne4 20. Qf4 (20. Qe3 Nxc3 21. Rc2
21... b5 $17) 20... f6 21. Nd3 21... Nxc3 {
Schwarz erhaelt starke Drohungen in der geoeffneten c-Linie} 22. Qxc7 $19 (22.
Re1 Ne2+ 23. Rxe2 23... Rxa3 $19) 22... Rxc7 23. Kf1 Rac8 24. Rc2 Rc4 25. Rac1
$19 (25. Nb2 $5 25... R4c6 26. Rac1 $17) 25... Nb5 26. Rxc4 dxc4 27. a4 (27.
Nb2 c3 28. Na4 28... c2 $19) 27... Nxd4 28. f4 c3 (28... cxd3 {
ist deutlich schlechter} 29. Rxc8+ Kf7 30. Ke1 $14) 29. Nb4 (29. Rb1 29... Rc6
$19) 29... c2 30. Ke1 (30. Kf2 {hilft auch nicht mehr} 30... Kf7 $19) 0-1

[Event "ICS rated blitz match"]
[Site "204.178.125.65"]
[Date "1999.08.11"]
[Round "?"]
[White "Hossa"]
[Black "libertad"]
[Result "1-0"]
[WhiteElo "2478"]
[BlackElo "2101"]
[Annotator "Fritz 5.32 (19s)"]
[PlyCount "69"]
[EventDate "1999.??.??"]

1. c4 1... Nf6 {Opening = E90 - 5.Nf3(0-0 6.---)} 2. d4 g6 3. Nc3 d6 4. e4 Bg7
5. Bg5 O-O 6. Nf3 Nc6 (6... h6 7. Bh4 (7. Bxf6 Bxf6 8. e5 Bg7 9. Be2 dxe5 10.
dxe5 Nc6 11. Qxd8 Rxd8 12. Nd5 Rd7 13. O-O Nxe5 14. Rab1 c6 15. Ne3 Nd3 16. b3
Nf4 17. Bd1 e5 18. g3 Nd3 19. b4 a5 20. b5 Nc5 21. Bc2 21... e4 {
Milosevic,D-Nedev,T/Skopje FRM 1998/0-1 (36)}) 7... Nbd7 8. Be2 e5 9. d5 a5 10.
Nd2 Nc5 11. Rb1 Bd7 12. b3 Nfxe4 13. Bxd8 Nxc3 14. Qc1 Nxe2 15. Kxe2 Raxd8 16.
Rd1 e4 17. Nf1 Rde8 18. Ng3 f5 19. Kf1 f4 20. Ne2 g5 21. Nd4 {
Tulchinsky,M-Poluljahov,A/Chigorin mem open, St Petersburg RUS 1997/ - (55)})
7. d5 $146 {Weiss engt den Gegner ein} (7. Be2 e5 8. dxe5 dxe5 9. Qxd8 Nxd8 10.
Bxf6 Bxf6 11. Nd5 Bg7 12. Nxc7 Rb8 13. O-O Ne6 14. Nd5 Nc5 15. Nd2 Be6 16. b4
Na6 17. Rab1 Rbd8 18. a4 Rd7 19. Rfd1 Nb8 20. Nb3 b6 21. c5 21... f5 {
Golja,O-Schrank,M/Open, Feldbach AUT 1997/1-0 (50)}) 7... Ne5 8. Nxe5 dxe5 9.
Qd2 9... c6 {Sichert b5} 10. Rc1 Qa5 11. Be2 11... Bd7 $16 (11... Rd8 12. O-O
$14) 12. f4 exf4 13. e5 Nh5 14. Bxh5 gxh5 15. Bxe7 $11 (15. Bxf4 $5 {
ist zu ueberlegen} 15... Qb4 16. b3 $14) 15... Rfe8 16. b4 Qb6 17. Bc5 Qd8 18.
O-O (18. Qxf4 $4 {das Schlagen des Bauern ist schlecht} 18... Bxe5 19. Qf3
19... Bg4 $19) 18... Bxe5 19. Qf2 $11 (19. Bd4 $5 $14) 19... Kh8 $14 (19... Qf6
$5 $142 {ist nicht von der Hand zu weisen} 20. Ne4 20... Qg6 $15) 20. dxc6 $11
(20. Bd4 f6 21. Bxa7 21... Bg4 $14) 20... Bxc6 21. b5 {Raumgewinn} (21. Bxa7 $2
{ist falsch} 21... Rxa7 $1 {Rueckgabe des Materials ist das staerkste} 22. Rfd1
Bxc3 23. Rxd8 23... Rxd8 $19) 21... b6 22. bxc6 $15 {
Auf den muss Schwarz aufpassen} (22. Rcd1 $5 {muss geprueft werden} 22... bxc5
23. Rxd8 (23. bxc6 $2 {haelt einer naeheren Pruefung nicht stand} 23... Bd4 24.
Rxd4 Qxd4 (24... cxd4 $6 25. Nd5 $15) 25. Qxd4+ 25... cxd4 $17) 23... Raxd8 24.
Kh1 $14 (24. bxc6 $2 {ist naheliegend und schlecht} 24... Bd4 $19)) 22... bxc5
23. Kh1 23... Rg8 $11 (23... Bd4 $5 24. c7 24... Qe7 $11) 24. Ne4 $15 (24. Qxc5
$5 24... Bxc3 25. Rxc3 $14) 24... Rc8 $11 (24... Qd4 $5 25. Qf3 25... Rae8 $15)
25. Qxc5 {Weiss zwingt den Gegner mit starken Drohungen nieder} 25... Bd4 $2
$18 (25... Qe8 $5 $14 $142 {damit waere Schwarz im Spiel geblieben}) 26. Qxh5
$16 (26. Qd5 Be3 27. Nd6 Qc7 28. Nxc8 28... Rxc8 $18) 26... Rxc6 27. Rxf4 27...
Rcg6 $2 (27... f6 $5 $18 $142) 28. Ng3 (28. Rxf7 $5 $142 28... R6g7 $18) 28...
Be3 $4 {damit ist die Partie vorbei} (28... Bf6 $18 $142) 29. Qe5+ R8g7 30.
Qxe3 Re6 31. Qxa7 Qg8 (31... f6 {hilft allerdings auch nicht} 32. Qc5 $18) 32.
Rcf1 f5 (32... f6 33. Qd4 Rg6 34. Rxf6 Rgxf6 35. Rxf6 Rxf6 36. Qxf6+ Qg7 37.
Qd8+ Qg8 38. Qxg8+ Kxg8 39. a4 $18) 33. Qd4 Qe8 34. Nxf5 Kg8 (34... Re5 {
hilft allerdings auch nicht} 35. Nxg7 Qe7 36. Ne6 Qxe6 37. Qd8+ Qg8 38. Qxg8+
Kxg8 39. Rg4+ Rg5 40. Rxg5+ Kh8 41. Rf8#) 35. Qxg7# 1-0

[Event "ICS Rated blitz match"]
[Site "204.178.125.65"]
[Date "1999.08.11"]
[Round "?"]
[White "Secret"]
[Black "Hossa"]
[Result "1-0"]
[WhiteElo "2504"]
[BlackElo "2481"]
[Annotator "Fritz 5.32 (19s)"]
[PlyCount "143"]
[EventDate "1999.??.??"]

1. d4 1... d5 {Opening = E51 - 5.Nf3 d5 (6.Bd3 ---)} 2. Nf3 Nf6 3. c4 e6 4. Nc3
Bb4 5. e3 O-O 6. Bd3 (6. Be2 b6 7. O-O Bb7 8. a3 Bd6 9. b4 dxc4 10. Bxc4 a5 11.
Rb1 axb4 12. axb4 Nbd7 13. Be2 Qe7 14. Nb5 Be4 15. Bd3 c6 16. Nxd6 Qxd6 17.
Bxe4 Nxe4 18. Qc2 Qd5 19. Nd2 Nxd2 20. Bxd2 20... Ra2 {
Aleksandrov,A-Hjartarson,J/FIDE WCh KO, Groningen NED (2.4) 1997/1-0 (88)}) (6.
a3 Bd6 7. c5 Be7 8. b4 Ne4 9. Nxe4 dxe4 10. Nd2 f5 11. Bc4 Bf6 12. Qb3 Nc6 13.
Bxe6+ Bxe6 14. Qxe6+ Kh8 15. Qb3 Ne7 16. O-O Nd5 17. Bb2 Qd7 18. f3 Rae8 19.
fxe4 fxe4 20. b5 20... Qe6 {
Nenashev,A-Kaliksteyn,A/NY Open, New York USA 1998/1-0 (33)}) 6... dxc4 $146 (
6... Nc6 7. O-O dxc4 (7... a6 8. h3 dxc4 9. Bxc4 Bd6 10. e4 (10. a3 b5 11. Ba2
Bb7 12. Bd2 e5 13. Rc1 h6 14. Qc2 exd4 15. Nxd4 15... Ne7 {
- Sherbakov,R-Gipslis,A/op, Cappelle La Grande (5) 1996 (15)}) 10... e5 11. Be3
b5 12. Bb3 exd4 13. Bxd4 Nxd4 14. Qxd4 c5 15. Qe3 c4 16. Bc2 Re8 17. e5 Bf8 18.
Rad1 Qc7 19. Qd4 Nd7 20. Bxh7+ Kxh7 21. Qh4+ Kg8 22. Ng5 Nf6 23. Nd5 {
1-0 Lukacs,P-Lauber,A/Bela mem, Gyula HUN 1997 (23)}) 8. Bxc4 Bd6 9. Bb5 Nd7
10. e4 e5 11. Bxc6 bxc6 12. Be3 exd4 13. Nxd4 Ne5 14. h3 Ba6 15. Re1 Nd3 16.
Re2 c5 17. Nf5 Qe8 18. Rd2 c4 19. Qg4 g6 20. Nd5 Qe6 21. Bd4 {
Van Buskirk,C-Sterin,I/SCCF State Ch., Irvine USA 1997/ - (34)}) 7. Bxc4 7...
Ng4 $14 (7... c5 8. O-O $11) 8. h3 Nf6 9. Qd3 c5 10. dxc5 Qxd3 11. Bxd3 Nfd7
12. Bd2 Nxc5 13. Bc2 Rd8 14. O-O-O (14. a3 Bxc3 15. Bxc3 15... b6 $11) 14...
Nc6 15. a3 15... Bxc3 $14 (15... Ba5 $5 $11 {bedarf naeherer Analyse}) 16. Bxc3
16... Rxd1+ $16 (16... b5 $5 $14) 17. Rxd1 Nd7 18. Ba4 f6 19. Nd4 Nxd4 20. Rxd4
(20. exd4 $6 20... Nb6 21. Bb3 21... Bd7 $11) 20... Nc5 21. Bc2 h6 22. f4 Kf7
23. b4 Nd7 24. Rc4 Ke7 25. Be4 Rb8 26. Bb2 g5 27. Bd4 a6 28. Bb2 f5 29. Bf3 b5
30. Rc7 Kd6 31. Ra7 e5 32. fxe5+ Nxe5 33. Rh7 Be6 34. Bxe5+ Kxe5 35. Rxh6 Rd8
36. Be2 Rc8+ 37. Kd2 Rd8+ 38. Ke1 Rg8 39. a4 39... Bb3 $18 (39... Rc8 $5 40.
axb5 40... axb5 $14) 40. axb5 axb5 41. Rc6 Bd5 42. Rc5 Kd6 43. Kf2 f4 (43... g4
$5 44. hxg4 fxg4 45. g3 $16 (45. Bxb5 $6 45... g3+ 46. Kf1 46... Rg4 $14)) 44.
exf4 (44. Bxb5 $6 44... fxe3+ 45. Kxe3 45... Bxg2 $14) 44... gxf4 {
Der Freibauer h3 wird schnell zu einer gefaehrlichen Waffe} 45. Bf3 Bxf3 (45...
Bc4 46. Rf5 $18) 46. Kxf3 (46. gxf3 $6 46... Rh8 $16) 46... Rg3+ 47. Kf2 Ke6
48. Rxb5 {b4 wird ein starker Freibauer werden} 48... Rb3 49. h4 Ke7 (49... Rc3
50. h5 $18) 50. h5 {Weiss erhaelt Koenigsangriff} 50... Kf6 51. Rb6+ Kf5 52. h6
Rb2+ 53. Kg1 Rc2 54. h7 Rc1+ 55. Kf2 Rc2+ 56. Kf3 {Mit der Mattdrohung h8Q}
56... Rc3+ 57. Ke2 Re3+ 58. Kf2 {Droht Matt: h8Q} 58... Re8 59. Rb5+ (59. Rh6
$5 {laesst dem Gegner kaum Chancen} 59... Rh8 $18) 59... Kg6 60. Rb7 Kf5 61. b5
Rc8 62. Rc7 (62. Rg7 Rh8 63. b6 63... Kf6 $18) 62... Rd8 (62... Ra8 $18 {
sonst gehen die Lichter sofort aus}) 63. b6 Rd2+ 64. Ke1 Rd8 65. b7 {
Droht entscheidend Rc8} 65... f3 66. gxf3 {Weiss droht stark Rc8} 66... Rb8 67.
Rc8 {Droht Matt: h8Q} 67... Rxb7 68. h8=Q {Droht Matt} 68... Kg5 (68... Rb1+ {
aendert nichts mehr} 69. Ke2 Rb6 70. Rc5+ Kg6 71. Qh5+ Kg7 72. Rc7+ Kf6 73.
Qh6+ Ke5 74. Rc5+ Kd4 75. Qe3#) 69. Rc5+ Kg6 70. Rc6+ Kf7 (70... Kg5 {
macht keinen grossen Unterschied} 71. Qf6+ Kh5 72. Rc5#) 71. Qh7+ Kf8 (71...
Ke8 {waere gleichermassen fruchtlos} 72. Rc8#) 72. Rc8# 1-0

[Event "ICS Rated blitz match"]
[Site "204.178.125.65"]
[Date "1999.08.11"]
[Round "?"]
[White "Hossa"]
[Black "Rustle"]
[Result "1-0"]
[WhiteElo "2466"]
[BlackElo "2313"]
[Annotator "Fritz 5.32 (19s)"]
[PlyCount "71"]
[EventDate "1999.??.??"]

1. d4 1... c5 {Opening = A44 - 2.d5 e5} 2. d5 e5 3. e4 d6 4. Bb5+ (4. Be2 g6 5.
Nf3 Bg7 6. Nc3 Ne7 7. h4 h6 8. h5 g5 9. Nd2 O-O 10. g4 Nd7 11. a4 Nf6 12. Nc4
Ne8 13. a5 Bd7 14. Be3 Rb8 15. Qd2 Qc8 16. f3 b5 17. axb6 axb6 18. Na3 18...
Nc7 {Vezzosi,P-Aldrovandi,C/Reggio Emilia ITA 1999/ - (73)}) 4... Bd7 (4... Nd7
5. a4 Be7 6. Nf3 Ngf6 7. Nc3 O-O 8. O-O Ne8 9. Nd2 Bg5 10. a5 a6 11. Bd3 b5 12.
axb6 Nxb6 13. Nc4 Bxc1 14. Qxc1 Nxc4 15. Bxc4 Nc7 16. Qd2 Rb8 17. b3 Qe7 18.
Bd3 g6 19. Na4 Bd7 20. Rfb1 Rb4 21. Nc3 Rb6 22. f3 Kg7 23. Na4 Rb4 24. Nb2 Rfb8
25. Re1 R4b6 26. Nc4 Rb4 27. f4 f6 28. Rf1 exf4 29. Qxf4 Bb5 30. Nxd6 Bxd3 31.
cxd3 Nxd5 32. Qg3 Ne3 33. Rf3 R4b6 34. Rxe3 Qxd6 35. Kf2 Qxg3+ 36. Rxg3 Rxb3
37. Rxa6 Rd8 38. Ra7+ Kg8 39. Rc7 Rbxd3 40. Rxd3 Rxd3 41. Rxc5 Ra3 42. Rc7 {
- Matlak,M-Czerwonski,A/Nat-ch POL, Brzeg Dolny (7) 1996 (42)}) 5. Bxd7+ Nxd7
6. Ne2 $146 (6. Nc3 Be7 7. Nf3 Ngf6 8. a4 Qa5 9. O-O a6 10. Bd2 Rc8 11. Qe2 h6
12. Nh4 g6 13. g3 c4 14. Ng2 Kf8 15. Ne3 Qc5 16. a5 Qd4 17. f3 Kg7 18. Ra4 Rc7
19. Kg2 b5 20. axb6 Qxb6 21. Nxc4 Qb7 22. Na5 Qb6 23. b4 Rhc8 24. Nc6 Rxc6 25.
dxc6 Rxc6 26. Nd5 Nxd5 27. exd5 Rc7 28. Rxa6 Qb7 29. Ra5 Nb6 30. Rfa1 Qc8 31.
R1a2 g5 32. Be1 Bf6 33. Bf2 Nc4 34. Ra8 Qd7 35. R2a7 Bd8 36. Qxc4 Rxc4 37. Rxd7
Bf6 38. Raa7 Rxc2 39. Rxf7+ Kg6 40. Rfd7 e4 41. fxe4 Bd4 42. Rxd6+ {
1-0 Tregubov,P-Makovetsky,V/Russian Cup 9th Leg, Novgorod RUS 1997 (42)}) 6...
Be7 7. c4 $11 (7. Ng3 7... Ngf6 $14) 7... Bg5 8. f4 exf4 9. O-O Ngf6 10. Nbc3
10... a6 $11 {Befestigt b5} (10... O-O 11. Nxf4 Qe7 12. Ng6 fxg6 13. Bxg5 $11)
11. Qb3 $15 (11. Nxf4 11... O-O $11) 11... Rb8 12. Bxf4 Bxf4 13. Rxf4 O-O 14.
Raf1 14... Qe7 {Uebt Druck auf den rueckstaendigen Bauern e4 aus} (14... Ne5
15. a4 $11) 15. Ng3 15... g6 {Kontrolliert f5+h5} 16. Nce2 Ne8 17. Qa3 17...
Ne5 {Eine wichtige Figur} 18. Qc3 Ng7 19. Rf6 Ne8 20. R6f2 Ng7 21. a3 21... b5
{Schwarz packt die Bauernkette an der Wurzel} 22. b3 $15 (22. cxb5 $5 22...
Rxb5 23. b3 $11) 22... bxc4 23. bxc4 Rb6 24. Nc1 Rfb8 25. Rf4 Qg5 26. Nce2 Nh5
27. Nxh5 {Weiss erhaelt entscheidenden Koenigsangriff} 27... Qxh5 28. Ng3 Qg5
29. Rf6 29... Kg7 $11 (29... Rb3 30. Qc1 Qxc1 31. Rxc1 31... R8b6 $19) 30.
Rxf7+ 30... Kh6 $4 $18 (30... Kg8 $142 {
nur damit konnte man noch auf Rettung hoffen} 31. R7f6 31... Rb3 $11) 31. h4 $1
{nicht am Material kleben ist die Devise. Droht Matt} 31... Qg4 (31... Qxh4 {
koennte noch eine geringe Chance darstellen} 32. Qd2+ Qg5 33. Rxh7+ Kxh7 34.
Qxg5 34... R6b7 $18) 32. Qe3+ g5 33. hxg5+ Qxg5 34. Nf5+ Kh5 35. Rxh7+ Kg4 (
35... Qh6 {holt die Kuh nicht vom Eis} 36. Qxh6+ Kg4 37. Qh5#) 36. Qg3# 1-0